000 00713cab a2200217 4500
001 ABS42949
008 090401t1990 xxu||||| |||| 00| 0 eng d
035 _a(Sirsi) u39690
041 _aeng
100 _aAllerhand, L.
245 _aDishes of the day
260 _c1990
350 _a0
490 _aEstates Gazette
_v(9025) 23 June 1990, 59-60(2)
520 _aExamines aspects of the General Development Order which deal with permitted development rights relating to telecommunications apparatus such as satellite dishes .
650 _aTELECOMMUNICATIONS ACT 1984
650 _aTELECOMMUNICATIONS CODE SYSTEM OPERATORS
690 _aPLANNING LAW AND PRACTICE
942 _n0
948 _c04/03/1997
999 _c25426
_d25426